[Event "CHI-ch sf"]
[Site "Quilpue"]
[Date "2018.01.19"]
[Round "3"]
[White "Poblete Mella, Lautaro"]
[Black "Bazan Romero, Alberto"]
[Result "1-0"]
[WhiteElo "2149"]
[BlackElo "1805"]
[PlyCount "60"]
[EventDate "2018.01.18"]
[EventType "swiss"]
[EventRounds "8"]
[EventCountry "CHI"]
[SourceTitle "CBM 182 Extra"]
[Source "ChessBase"]
[SourceDate "2018.02.23"]
[SourceVersion "1"]
[SourceVersionDate "2018.02.23"]
[SourceQuality "1"]

1. e4 c5 2. Nf3 Nf6 3. Nc3 Nc6 4. d4 cxd4 5. Nxd4 e6 6. Ndb5 d6 7. Bf4 e5 8. Bg5 a6 9. Na3 Be7 10. Be2 0-0 11. Bxf6 Bxf6 12. 0-0 b5 13. Nd5 Bg5 14. c4 b4 15. Nc2 Be6 16. b3 Rb8 17. Qd3 Rb7 18. Bf3 g6 19. Rad1 a5 20. Nde3 Rd7 21. g3 Ne7 22. Bg2 Bh6 23. f4 f5 24. exf5 gxf5 25. Bd5 Bxd5 26. Nxd5 e4 27. Qd2 Qb8 28. Nxe7+ Rxe7 29. Qd5+ Kh8 30. Ne3 a4 1-0

[Event "CHI-ch sf"]
[Site "Quilpue"]
[Date "2018.01.18"]
[Round "1"]
[White "Sanchez Alarcon, Juan"]
[Black "Bazan Romero, Alberto"]
[Result "1/2-1/2"]
[WhiteElo "2248"]
[BlackElo "1805"]
[PlyCount "161"]
[EventDate "2018.01.18"]
[EventType "swiss"]
[EventRounds "8"]
[EventCountry "CHI"]
[SourceTitle "CBM 182 Extra"]
[Source "ChessBase"]
[SourceDate "2018.02.23"]
[SourceVersion "1"]
[SourceVersionDate "2018.02.23"]
[SourceQuality "1"]

1. e4 c5 2. c3 Nf6 3. e5 Nd5 4. d4 cxd4 5. Nf3 Nc6 6. Bc4 Nb6 7. Bb3 g6 8. cxd4 Bg7 9. 0-0 0-0 10. Nc3 d6 11. Qe2 Bg4 12. Rd1 Qb8 13. exd6 Qxd6 14. Nb5 Qd7 15. Be3 e6 16. h3 Bxf3 17. Qxf3 a6 18. d5 Ne5 19. Qe2 Nxd5 20. Bxd5 Qxb5 21. Qxb5 axb5 22. Bxb7 Rab8 23. Be4 Nc4 24. Bd4 Bxd4 25. Rxd4 Nxb2 26. Rb4 Na4 27. Rab1 Nc3 28. R1b2 Rfd8 29. Bf3 Rbc8 30. Rc2 Rc5 31. g3 Rdc8 32. Rd2 f5 33. h4 R8c7 34. Rbd4 e5 35. Rd8+ Kf7 36. Bd5+ Ke7 37. Bg2 e4 38. Rh8 Kf6 39. Rf8+ Ke6 40. Re8+ Re7 41. Ra8 Rd7 42. Ra6+ Ke7 43. Rb2 Nd1 44. Re2 Rcd5 45. Bf1 b4 46. Rb6 Rd4 47. Rc2 Rd2 48. Rxd2 Rxd2 49. Rxb4 Nxf2 50. a4 Ng4 51. Rb7+ Kf6 52. Rb8 Ne3 53. Bb5 Ra2 54. Ra8 Ke6 55. a5 Kd6 56. a6 Kc5 57. Rb8 Rg2+ 58. Kh1 Ra2 59. Kg1 Rg2+ 60. Kh1 Ra2 61. Kg1 h6 62. Rb7 g5 63. hxg5 hxg5 64. a7 f4 65. gxf4 gxf4 66. Be2 Nd5 67. Rf7 Nc3 68. Bg4 Nd5 69. Be6 Kd6 70. Bxd5 Kxd5 71. Rxf4 Rxa7 72. Kf1 Ra2 73. Ke1 Kd4 74. Rh4 Kd3 75. Rh8 Ra1+ 76. Kf2 e3+ 77. Kg2 Ra2+ 78. Kg3 Ra4 79. Kf3 Ra3 80. Rd8+ Kc2 81. Ke2 1/2-1/2